[Event "Kort Pske 1. forlb Gruppe 1"]
[Site "Svendborg"]
[Date "2018.03.24"]
[Round "1"]
[White "Couture, Jonathan"]
[Black "Olsen, Birger"]
[Result "0-1"]
[WhiteElo "1928"]
[BlackElo "1898"]
[PlyCount "94"]
[EventDate "2018.03.24"]
[EventType "swiss"]
[EventRounds "5"]
[EventCountry "DEN"]

1. e4 c5 2. b4 cxb4 3. a3 d5 4. exd5 Qxd5 5. Nf3 e5 6. axb4 Bxb4 7. c3 Bc5 8.
Na3 Nf6 9. Nb5 O-O 10. Nc7 Bxf2+ 11. Ke2 Qc4+ 12. Kxf2 Qxc7 13. Ba3 Rd8 14. Qc2
e4 15. Ng1 Qf4+ 16. Ke1 e3 17. d3 Nc6 18. g3 Qc7 19. Rc1 Bf5 20. Bc5 Ne5 21.
Bd4 Nxd3+ 22. Bxd3 Bxd3 23. Qxd3 Qc6 24. Nf3 Qxf3 25. Rf1 Qd5 26. Qf5 Rac8 27.
Qxd5 Nxd5 28. Ke2 b6 29. c4 Nb4 30. Bxe3 Re8 31. Rf5 g6 32. Rb5 Nc6 33. Kf2 Ne5
34. Rxe5 Rxe5 35. Kf3 f5 36. h4 Re4 37. c5 Rxe3+ 38. Kxe3 Rxc5 39. Rd1 Rc7 40.
Kf4 Kg7 41. Rd4 b5 42. Ke5 Rb7 43. h5 b4 44. g4 fxg4 45. Rxg4 b3 46. h6+ Kxh6
47. Kf6 Rb6+ 0-1

[Event "Kort Pske 1. forlb Gruppe 1"]
[Site "Svendborg"]
[Date "2018.03.24"]
[Round "1"]
[White "Poulsen, Peter Risgaard"]
[Black "Hansen, Henrik Damgaard"]
[Result "1-0"]
[WhiteElo "1934"]
[BlackElo "1744"]
[PlyCount "47"]
[EventDate "2018.03.24"]
[EventType "swiss"]
[EventRounds "5"]
[EventCountry "DEN"]

1. d4 Nf6 2. Bf4 d5 3. e3 c5 4. c3 Nc6 5. Bd3 e6 6. Nd2 Bd6 7. Bg3 O-O 8. Ngf3
Bxg3 9. hxg3 b6 10. Ne5 Nxe5 11. dxe5 Ne4 12. Nxe4 dxe4 13. Bxe4 Qxd1+ 14. Rxd1
Rb8 15. Bxh7+ Kh8 16. f4 f6 17. Bg6+ Kg8 18. exf6 gxf6 19. Rh7 a5 20. Re7 Bb7
21. Rdd7 Bd5 22. Rg7+ Kh8 23. Rh7+ Kg8 24. Rdg7# 1-0

[Event "Kort Pske 1. forlb Gruppe 1"]
[Site "Svendborg"]
[Date "2018.03.24"]
[Round "1"]
[White "Taskiran, Erol"]
[Black "Velarde, Andrew"]
[Result "0-1"]
[WhiteElo "1837"]
[BlackElo "1757"]
[PlyCount "56"]
[EventDate "2018.03.24"]
[EventType "swiss"]
[EventRounds "5"]
[EventCountry "DEN"]

1. d4 Nf6 2. c4 e5 3. dxe5 Ng4 4. Nf3 Bc5 5. e3 Nc6 6. Be2 Ngxe5 7. a3 a5 8.
Nc3 d6 9. O-O Be6 10. b3 O-O 11. Bb2 Qf6 12. Nd4 Ne7 13. Ne4 Qg6 14. Ng3 Bg4
15. h3 Bxe2 16. Qxe2 c6 17. Rad1 Rfe8 18. Rd2 Rad8 19. Rfd1 Nd7 20. Nc2 d5 21.
cxd5 Nxd5 22. Bd4 Bxd4 23. Nxd4 Nc3 24. Qf3 Ne5 25. Qf4 Nxd1 26. Rxd1 c5 27.
Rc1 cxd4 28. exd4 Nd3 0-1

[Event "Kort Pske 1. forlb Gruppe 1"]
[Site "Svendborg"]
[Date "2018.03.24"]
[Round "1"]
[White "Hansen, Alex Mehr"]
[Black "Jensen Lynch, Jonathan"]
[Result "1-0"]
[WhiteElo "1912"]
[BlackElo "1668"]
[PlyCount "87"]
[EventDate "2018.03.24"]
[EventType "swiss"]
[EventRounds "5"]
[EventCountry "DEN"]

1. e4 g6 2. Bc4 Bg7 3. d4 d6 4. Qf3 Nf6 5. h3 Nbd7 6. g4 h6 7. Ne2 e5 8. c3 Qe7
9. Bd3 d5 10. Nd2 exd4 11. cxd4 dxe4 12. Nxe4 Qb4+ 13. Nd2 c6 14. a3 Qa5 15. b4
Qd5 16. Nc3 Qxd4 17. Be2 Nxg4 18. Bb2 Nge5 19. Qg3 O-O 20. Rd1 Re8 21. Nc4 Nd3+
22. Qxd3 Qxd3 23. Rxd3 Nf8 24. Nd6 Bf5 25. Nxe8 Bxd3 26. Nxg7 Bxe2 27. Nxe2 Nd7
28. Nf4 f6 29. Nfe6 Kf7 30. Kd1 Nf8 31. Re1 a5 32. Nxf8 Kxg7 33. Ne6+ Kf7 34.
Re3 axb4 35. axb4 Ra2 36. Kc2 Ra4 37. Kb3 Ra7 38. Nd8+ Kf8 39. Bxf6 b5 40. Nxc6
Rf7 41. Bh4 g5 42. Bg3 h5 43. h4 g4 44. Nd4 1-0

[Event "Kort Pske 1. forlb Gruppe 1"]
[Site "Svendborg"]
[Date "2018.03.24"]
[Round "1"]
[White "Ehrenreich, Simon"]
[Black "Vedso, Michael"]
[Result "1/2-1/2"]
[WhiteElo "1758"]
[BlackElo "1672"]
[PlyCount "107"]
[EventDate "2018.03.24"]
[EventType "swiss"]
[EventRounds "5"]
[EventCountry "DEN"]

1. d4 c6 2. c4 d5 3. Nf3 Nf6 4. Nc3 e6 5. Bf4 c5 6. cxd5 Nxd5 7. Nxd5 Qxd5 8.
dxc5 Bxc5 9. Qxd5 exd5 10. e3 Bb4+ 11. Nd2 Nc6 12. Bb5 Bd7 13. a3 Be7 14. Bxc6
Bxc6 15. Be5 O-O 16. O-O Rfe8 17. Bd4 Bd6 18. Rac1 Rac8 19. Nf3 Bb5 20. Rfe1 b6
21. h3 f6 22. Rxc8 Rxc8 23. Bc3 Bc4 24. Rd1 Bb3 25. Ra1 Bc4 26. Nd4 Bc5 27. Rd1
Kf7 28. Rd2 Ba6 29. Nf3 Bb7 30. Rd3 Ke6 31. Nd4+ Bxd4 32. Rxd4 Rc4 33. Rd1 a5
34. g3 Rc8 35. Rd4 Rc4 36. Rd2 Rc8 37. Kf1 Ba6+ 38. Ke1 Rc7 39. Kd1 Bf1 40. h4
Bg2 41. Ke2 Be4 42. h5 Rc6 43. f3 Bb1 44. g4 h6 45. Kf2 Rc7 46. Kg3 Rc4 47. Rd4
Rxd4 48. Bxd4 b5 49. Bc3 a4 50. f4 Be4 51. f5+ Kf7 52. Bb4 Ke8 53. Kf4 Kf7 54.
Kg3 1/2-1/2

[Event "Kort Pske 1. forlb Gruppe 1"]
[Site "Svendborg"]
[Date "2018.03.24"]
[Round "1"]
[White "Jorgensen, Ole Eik"]
[Black "Nielsen, Aage Sondergaard"]
[Result "0-1"]
[WhiteElo "1909"]
[BlackElo "1881"]
[PlyCount "42"]
[EventDate "2018.03.24"]
[EventType "swiss"]
[EventRounds "5"]
[EventCountry "DEN"]

1. g3 e5 2. Nf3 e4 3. Nd4 d5 4. Bg2 f5 5. d3 Nf6 6. c3 c5 7. Nc2 Nc6 8. Bg5 Be7
9. Nd2 Be6 10. Nb3 Qb6 11. Qc1 a5 12. d4 c4 13. Nd2 a4 14. O-O O-O 15. a3 h6
16. Bxf6 Rxf6 17. f4 Kh8 18. Ne3 Rg8 19. g4 Nxd4 20. cxd4 Qxd4 21. Kh1 Qxe3 0-1

[Event "Kort Pske 1. forlb Gruppe 1"]
[Site "Svendborg"]
[Date "2018.03.24"]
[Round "1"]
[White "Nielsen, Jorgen Holmstrom"]
[Black "Christensen, Soren Dalgaard"]
[Result "0-1"]
[WhiteElo "1778"]
[BlackElo "1893"]
[PlyCount "89"]
[EventDate "2018.03.24"]
[EventType "swiss"]
[EventRounds "5"]
[EventCountry "DEN"]

1. Nc3 d6 2. d4 Nd7 3. Nf3 c6 4. e4 e5 5. Bc4 h6 6. Be3 Ngf6 7. dxe5 dxe5 8.
Qe2 Qc7 9. Nh4 g6 10. O-O Nb6 11. Bb3 g5 12. Nf5 Bxf5 13. exf5 O-O-O 14. a4 Kb8
15. a5 Nbd5 16. Nxd5 cxd5 17. c3 Bd6 18. Rfd1 Be7 19. Bc2 Rhe8 20. Ba4 Rf8 21.
b4 Ne4 22. Bd2 Nxc3 23. Bxc3 Qxc3 24. b5 f6 25. a6 b6 26. Rdc1 Qb4 27. Rcb1 Qf4
28. Bc2 Bc5 29. Ra4 e4 30. Rb3 Qxf5 31. Rc3 Qd7 32. Rxc5 bxc5 33. b6 f5 34.
bxa7+ Kxa7 35. Ra2 Rb8 36. Qe3 Qb5 37. h4 d4 38. Qg3 f4 39. Qg4 d3 40. Bd1 e3
41. Qe6 Rbe8 42. Qxh6 e2 43. Qg7+ Ka8 44. Bxe2 dxe2 45. Rxe2 0-1

[Event "Kort Pske 1. forlb Gruppe 1"]
[Site "Svendborg"]
[Date "2018.03.24"]
[Round "1"]
[White "Jansen, Niels-Peter Mangor"]
[Black "Balslev, Uffe"]
[Result "1-0"]
[WhiteElo "1741"]
[BlackElo "1862"]
[PlyCount "109"]
[EventDate "2018.03.24"]
[EventType "swiss"]
[EventRounds "5"]
[EventCountry "DEN"]

1. e4 c5 2. c3 e5 3. Nf3 Nc6 4. Be2 Nf6 5. d3 Be7 6. O-O d6 7. Na3 a6 8. Nc2 b5
9. h3 Rb8 10. Nh2 O-O 11. f4 b4 12. fxe5 dxe5 13. Ne3 Be6 14. Nhg4 Kh8 15. Nxf6
Bxf6 16. Bg4 Qd7 17. Bxe6 Qxe6 18. Nd5 Bd8 19. Be3 Qd6 20. Qc2 bxc3 21. Qxc3
Nd4 22. Bxd4 cxd4 23. Qc2 f5 24. b3 fxe4 25. Rxf8+ Qxf8 26. dxe4 Bg5 27. Qd3
Qd6 28. a4 h6 29. b4 Qc6 30. g3 Be3+ 31. Kg2 Rd8 32. b5 Qa8 33. Nc7 Qb7 34.
Nxa6 Qf7 35. Rf1 Qa2+ 36. Kh1 Rc8 37. Nb4 Qxa4 38. Nd5 Rc2 39. Nxe3 Rc3 40. Qb1
Rxe3 41. b6 Rb3 42. b7 Qb5 43. Rf8+ Kh7 44. Qxb3 Qxb3 45. b8=Q Qd1+ 46. Kg2
Qe2+ 47. Rf2 Qxe4+ 48. Kh2 d3 49. Qf8 Qd4 50. Qf5+ Kh8 51. Ra2 Qd5 52. Ra7 Qd8
53. Rd7 Qc8 54. Qxd3 e4 55. Rd8+ 1-0

[Event "Kort Pske 1. forlb Gruppe 1"]
[Site "Svendborg"]
[Date "2018.03.24"]
[Round "1"]
[White "Hansen, Jorgen Frank"]
[Black "Christensen, Anders"]
[Result "1/2-1/2"]
[WhiteElo "1775"]
[BlackElo "1937"]
[PlyCount "60"]
[EventDate "2018.03.24"]
[EventType "swiss"]
[EventRounds "5"]
[EventCountry "DEN"]

1. d4 Nf6 2. Nf3 d5 3. Bf4 e6 4. e3 Bd6 5. Bg3 Bxg3 6. hxg3 Qe7 7. c3 Bd7 8.
Bd3 Nc6 9. Qc2 e5 10. dxe5 Nxe5 11. Nxe5 Qxe5 12. Nd2 c5 13. Nf3 Qe7 14. b3 h6
15. Qe2 a6 16. a4 b6 17. Nh4 O-O 18. Nf3 b5 19. axb5 axb5 20. O-O c4 21. bxc4
dxc4 22. Bc2 Bg4 23. Rfb1 Nd5 24. Qd2 Bxf3 25. gxf3 Rad8 26. Qe1 Qf6 27. Rxb5
Qxc3 28. Qxc3 Nxc3 29. Rc5 Rd2 30. Be4 Nxe4 1/2-1/2

[Event "Kort Pske 1. forlb Gruppe 1"]
[Site "Svendborg"]
[Date "2018.03.24"]
[Round "1"]
[White "Jepsen, Ruben"]
[Black "Hamann, Brian Michael"]
[Result "0-1"]
[WhiteElo "1599"]
[BlackElo "1865"]
[PlyCount "60"]
[EventDate "2018.03.24"]
[EventType "swiss"]
[EventRounds "5"]
[EventCountry "DEN"]

1. Nf3 Nf6 2. g3 d5 3. Bg2 c5 4. O-O Nc6 5. d3 Bf5 6. Nbd2 e6 7. c4 Be7 8. b3
O-O 9. Bb2 d4 10. h3 h6 11. a3 Qd6 12. b4 cxb4 13. axb4 Qxb4 14. Ba3 Qb6 15.
Bxe7 Nxe7 16. Qc2 Nc6 17. Rfb1 Qc7 18. Nb3 Rfd8 19. Nc5 Rab8 20. Qb2 Nd7 21.
Nxd7 Qxd7 22. Qc2 e5 23. g4 Be6 24. Nd2 a6 25. Ne4 Qe7 26. Ng3 Rdc8 27. c5 Na7
28. Ne4 Nb5 29. Rxb5 axb5 30. Nd6 Qxd6 0-1

[Event "Kort Pske 1. forlb Gruppe 1"]
[Site "Svendborg"]
[Date "2018.03.25"]
[Round "2"]
[White "Nielsen, Aage Sondergaard"]
[Black "Hamann, Brian Michael"]
[Result "1/2-1/2"]
[WhiteElo "1881"]
[BlackElo "1865"]
[PlyCount "96"]
[EventDate "2018.03.24"]
[EventType "swiss"]
[EventRounds "5"]
[EventCountry "DEN"]

1. f4 d5 2. Nf3 g6 3. g3 Bg7 4. Bg2 Nh6 5. d3 Nf5 6. g4 Nd6 7. h3 Nd7 8. Nc3 d4
9. Ne4 Nxe4 10. dxe4 c5 11. e5 Rb8 12. e3 dxe3 13. Bxe3 O-O 14. O-O b6 15. Ng5
h6 16. Nf3 Bb7 17. Qd2 Qc7 18. Rae1 Rbd8 19. Qc1 Kh7 20. Bf2 Nb8 21. Bg3 e6 22.
Kh2 Nc6 23. c3 Ne7 24. Qc2 Rd7 25. h4 Rfd8 26. Rf2 Rd3 27. Ree2 Ba6 28. c4 Bb7
29. Ne1 R3d7 30. Rd2 Rxd2 31. Rxd2 Rxd2 32. Qxd2 Bxg2 33. Nxg2 Nc6 34. a3 Nd4
35. Qd3 Qc6 36. Bf2 Qf3 37. Qxf3 Nxf3+ 38. Kg3 Nd2 39. Ne3 f6 40. Be1 Nb3 41.
Bc3 fxe5 42. Bxe5 Bxe5 43. fxe5 Nd2 44. Kf2 Nb3 45. Kf3 Kg7 46. Ke4 Kf7 47. Kd3
Nd4 48. Ke4 Nc6 1/2-1/2

[Event "Kort Pske 1. forlb Gruppe 1"]
[Site "Svendborg"]
[Date "2018.03.25"]
[Round "2"]
[White "Christensen, Soren Dalgaard"]
[Black "Jansen, Niels-Peter Mangor"]
[Result "1-0"]
[WhiteElo "1893"]
[BlackElo "1741"]
[PlyCount "95"]
[EventDate "2018.03.24"]
[EventType "swiss"]
[EventRounds "5"]
[EventCountry "DEN"]

1. d4 Nf6 2. Bf4 d5 3. e3 Bf5 4. c4 e6 5. Nc3 c6 6. Qb3 b6 7. Nf3 Bd6 8. Bg5 h6
9. Bh4 O-O 10. Rc1 Be7 11. Ne5 Ng4 12. Bg3 Nxe5 13. Bxe5 Nd7 14. Bg3 Nf6 15. h3
Ne4 16. Nxe4 Bxe4 17. f3 Bh7 18. Kf2 Bh4 19. Bxh4 Qxh4+ 20. g3 Qf6 21. Bd3 Bg6
22. Rc2 e5 23. dxe5 Qxe5 24. cxd5 Bxd3 25. Qxd3 cxd5 26. Rd1 Rfe8 27. Rcd2 Rad8
28. Qb3 d4 29. Rxd4 Rxd4 30. Rxd4 Re7 31. Re4 Qc7 32. Rxe7 Qxe7 33. Qc4 Qd7 34.
g4 Qd6 35. f4 Qd1 36. Qf1 Qc2+ 37. Qe2 Qc1 38. Kg2 a5 39. a3 Qc6+ 40. Kh2 b5
41. Qd2 Qf3 42. b4 a4 43. Qe1 Qe4 44. Kg3 Qd3 45. Qc1 Kh7 46. h4 Qc4 47. Qxc4
bxc4 48. Kf2 1-0

[Event "Kort Pske 1. forlb Gruppe 1"]
[Site "Svendborg"]
[Date "2018.03.25"]
[Round "2"]
[White "Balslev, Uffe"]
[Black "Jepsen, Ruben"]
[Result "1/2-1/2"]
[WhiteElo "1862"]
[BlackElo "1599"]
[PlyCount "26"]
[EventDate "2018.03.24"]
[EventType "swiss"]
[EventRounds "5"]
[EventCountry "DEN"]

1. e4 d5 2. exd5 Nf6 3. Bc4 Nxd5 4. d4 Nb6 5. Bb3 Bf5 6. Nf3 e6 7. O-O Nc6 8.
Re1 Be7 9. Be3 O-O 10. h3 Na5 11. Nbd2 Nxb3 12. Nxb3 Nd5 13. c4 Nxe3 1/2-1/2

[Event "Kort Pske 1. forlb Gruppe 1"]
[Site "Svendborg"]
[Date "2018.03.25"]
[Round "2"]
[White "Christensen, Anders"]
[Black "Ehrenreich, Simon"]
[Result "1/2-1/2"]
[WhiteElo "1937"]
[BlackElo "1758"]
[PlyCount "66"]
[EventDate "2018.03.24"]
[EventType "swiss"]
[EventRounds "5"]
[EventCountry "DEN"]

1. e4 c6 2. d4 d5 3. Nc3 dxe4 4. Nxe4 Bf5 5. Ng3 Bg6 6. Nf3 Nf6 7. h4 h6 8. h5
Bh7 9. Bd3 Bxd3 10. Qxd3 e6 11. Bd2 Nbd7 12. O-O-O Qc7 13. Kb1 O-O-O 14. c3 Bd6
15. Ne4 Nxe4 16. Qxe4 Nf6 17. Qc2 Kb8 18. Bc1 Qa5 19. c4 Qc7 20. Rh4 c5 21. Be3
cxd4 22. Nxd4 a6 23. Nf3 Ka8 24. c5 Be7 25. Rxd8+ Rxd8 26. c6 Nd5 27. cxb7+
Qxb7 28. Rc4 Nxe3 29. fxe3 Bf6 30. b3 Qd7 31. Nd4 Bxd4 32. Rxd4 Qe8 33. Qe4+
Ka7 1/2-1/2

[Event "Kort Pske 1. forlb Gruppe 1"]
[Site "Svendborg"]
[Date "2018.03.25"]
[Round "2"]
[White "Olsen, Birger"]
[Black "Poulsen, Peter Risgaard"]
[Result "1/2-1/2"]
[WhiteElo "1898"]
[BlackElo "1934"]
[PlyCount "27"]
[EventDate "2018.03.24"]
[EventType "swiss"]
[EventRounds "5"]
[EventCountry "DEN"]

1. Nf3 d5 2. g3 c6 3. Bg2 e6 4. O-O f5 5. d3 Nf6 6. Nbd2 Bc5 7. c4 O-O 8. Rb1
a5 9. a3 Bxf2+ 10. Rxf2 Ng4 11. Rf1 Ne3 12. Qb3 Nxf1 13. Nxf1 Nd7 14. Bg5
1/2-1/2

[Event "Kort Pske 1. forlb Gruppe 1"]
[Site "Svendborg"]
[Date "2018.03.25"]
[Round "2"]
[White "Hansen, Henrik Damgaard"]
[Black "Couture, Jonathan"]
[Result "0-1"]
[WhiteElo "1744"]
[BlackElo "1928"]
[PlyCount "52"]
[EventDate "2018.03.24"]
[EventType "swiss"]
[EventRounds "5"]
[EventCountry "DEN"]

1. d4 g6 2. c4 Bg7 3. Nc3 d6 4. e4 e5 5. Nf3 Nc6 6. d5 Nd4 7. Nxd4 exd4 8. Nb5
a6 9. Nxd4 Qh4 10. Be3 Qxe4 11. Qd2 Bh6 12. O-O-O Bxe3 13. fxe3 Bg4 14. Bd3 Qe5
15. Rdf1 Nf6 16. h3 Bd7 17. Rf4 O-O 18. g4 Rae8 19. Nf3 Qe7 20. Re1 Bc8 21. Qf2
Nd7 22. g5 Ne5 23. Nxe5 dxe5 24. Rf6 e4 25. Be2 Qb4 26. Qf4 Qxe1+ 0-1

[Event "Kort Pske 1. forlb Gruppe 1"]
[Site "Svendborg"]
[Date "2018.03.25"]
[Round "2"]
[White "Nielsen, Jorgen Holmstrom"]
[Black "Taskiran, Erol"]
[Result "1-0"]
[WhiteElo "1778"]
[BlackElo "1837"]
[PlyCount "125"]
[EventDate "2018.03.24"]
[EventType "swiss"]
[EventRounds "5"]
[EventCountry "DEN"]

1. Nc3 c5 2. e4 Nc6 3. Nf3 d6 4. d4 cxd4 5. Nxd4 g6 6. Nxc6 bxc6 7. Bd3 Bg7 8.
Bd2 Nf6 9. O-O O-O 10. Qe1 Ng4 11. h3 Ne5 12. Be2 Be6 13. b3 Nd7 14. Rd1 Nc5
15. b4 Bxc3 16. Bxc3 Nxe4 17. Ba1 Bxa2 18. Bf3 Nf6 19. Bxf6 exf6 20. Bxc6 Rc8
21. Qe4 Qc7 22. Ba4 d5 23. Qd4 Kg7 24. Rfe1 Qc4 25. Qb2 a5 26. Ra1 axb4 27.
Qxa2 Ra8 28. Qxc4 dxc4 29. Bb5 Rac8 30. Re4 b3 31. Rxc4 bxc2 32. Rc1 Rxc4 33.
Bxc4 Rc8 34. Rxc2 Rc7 35. Kf1 h5 36. Bb3 Rb7 37. Rc3 g5 38. Ke2 Re7+ 39. Re3
Rb7 40. Bd5 Rd7 41. Bf3 Kg6 42. Re8 Ra7 43. Rd8 Ra2+ 44. Rd2 Ra7 45. Bd5 Re7+
46. Kf3 f5 47. Bc4 f6 48. Bd3 Re5 49. g4 hxg4+ 50. hxg4 Re7 51. Bxf5+ Kg7 52.
Rd7 Kf8 53. Rxe7 Kxe7 54. Ke4 Kd6 55. Kd4 Kc6 56. Be4+ Kd6 57. Bd5 Ke7 58. Ke4
Kf8 59. Kf5 Kg7 60. Be6 Kh7 61. Kxf6 Kh6 62. Bf7 Kh7 63. Kxg5 1-0

[Event "Kort Pske 1. forlb Gruppe 1"]
[Site "Svendborg"]
[Date "2018.03.25"]
[Round "2"]
[White "Velarde, Andrew"]
[Black "Hansen, Alex Mehr"]
[Result "0-1"]
[WhiteElo "1757"]
[BlackElo "1912"]
[PlyCount "120"]
[EventDate "2018.03.24"]
[EventType "swiss"]
[EventRounds "5"]
[EventCountry "DEN"]

1. e3 c5 2. Nf3 Nc6 3. Nc3 Nf6 4. d4 cxd4 5. exd4 d5 6. Bf4 a6 7. a3 Bg4 8. Be2
e6 9. Ne5 Bxe2 10. Nxe2 Rc8 11. c3 Bd6 12. Ng3 Bxe5 13. Bxe5 Nxe5 14. dxe5 Nd7
15. f4 Qb6 16. Qd2 Nc5 17. Rb1 Qb5 18. Kf2 O-O 19. Rhd1 Nb3 20. Qd3 Rc4 21. Ne2
Nc5 22. Qe3 Re4 23. Qd2 Nb3 24. Qd3 Qb6+ 25. Kf3 Rc8 26. Ng3 Ra4 27. Ne2 Rcc4
28. Qe3 Qxe3+ 29. Kxe3 Re4+ 30. Kf3 f6 31. exf6 gxf6 32. g3 Kf7 33. Nc1 Nxc1
34. Rbxc1 f5 35. Rd3 Ke7 36. Rcd1 h5 37. Rd4 Raxd4 38. Rxd4 Kd6 39. b3 Kc5 40.
Rd1 a5 41. b4+ axb4 42. cxb4+ Kb5 43. h3 Kc4 44. g4 hxg4+ 45. hxg4 fxg4+ 46.
Kxg4 e5 47. Rc1+ Kb3 48. Kf5 exf4 49. Rd1 Kxa3 50. b5 Rb4 51. Rxd5 Ka4 52. b6
Rb5 53. Rxb5 Kxb5 54. Kxf4 Kxb6 55. Ke3 Kc5 56. Kd3 Kb4 57. Kc2 Ka3 58. Kb1 b5
59. Ka1 b4 60. Kb1 Kb3 0-1

[Event "Kort Pske 1. forlb Gruppe 1"]
[Site "Svendborg"]
[Date "2018.03.25"]
[Round "2"]
[White "Jensen Lynch, Jonathan"]
[Black "Jorgensen, Ole Eik"]
[Result "1-0"]
[WhiteElo "1668"]
[BlackElo "1909"]
[PlyCount "89"]
[EventDate "2018.03.24"]
[EventType "swiss"]
[EventRounds "5"]
[EventCountry "DEN"]

1. d4 g6 2. e4 d6 3. c4 Bg7 4. Nc3 Nf6 5. f3 O-O 6. Be3 e5 7. d5 Nh5 8. h4 f5
9. Bf2 f4 10. Nce2 c6 11. g4 fxg3 12. Nxg3 Qa5+ 13. Qd2 Qxd2+ 14. Kxd2 Nxg3 15.
Bxg3 Bh6+ 16. Kc3 cxd5 17. exd5 Nd7 18. Be2 Nf6 19. Nh3 Bd7 20. Ng5 Rac8 21.
Rad1 Nh5 22. Rdg1 Bxg5 23. hxg5 Nxg3 24. Rxg3 b5 25. Rh4 bxc4 26. Bxc4 Rc7 27.
b3 Bb5 28. a4 Bxc4 29. bxc4 Rcf7 30. f4 Rxf4 31. Rxf4 Rxf4 32. Kb4 Kf8 33. Kb5
Ke8 34. Rh3 Rf7 35. Kc6 Rd7 36. Rf3 Ke7 37. Rf6 Ke8 38. c5 dxc5 39. Kxc5 Rc7+
40. Kd6 Re7 41. Kc6 Kd8 42. d6 Re8 43. Rf7 Re6 44. Rxa7 Ke8 45. Kd5 1-0

[Event "Kort Pske 1. forlb Gruppe 1"]
[Site "Svendborg"]
[Date "2018.03.25"]
[Round "2"]
[White "Vedso, Michael"]
[Black "Hansen, Jorgen Frank"]
[Result "1/2-1/2"]
[WhiteElo "1672"]
[BlackElo "1775"]
[PlyCount "76"]
[EventDate "2018.03.24"]
[EventType "swiss"]
[EventRounds "5"]
[EventCountry "DEN"]

1. e4 g6 2. d4 Bg7 3. e5 d6 4. f4 dxe5 5. fxe5 c6 6. Nf3 Bg4 7. Be2 Qb6 8. c3
e6 9. Qb3 Nd7 10. O-O h6 11. Nbd2 Qxb3 12. axb3 Bxf3 13. Rxf3 Ne7 14. Ne4 Nc8
15. Be3 Ke7 16. Raf1 Rf8 17. Nf6 Bxf6 18. exf6+ Ke8 19. Bxh6 Rh8 20. Bf4 Ndb6
21. Bc4 Nd5 22. Bxd5 cxd5 23. c4 Nb6 24. c5 Nd7 25. g4 Nb8 26. Bxb8 Rxb8 27.
Kg2 Kd7 28. Rh3 Kc6 29. Ra1 Rxh3 30. Kxh3 a6 31. Kg3 Re8 32. h4 e5 33. Re1 e4
34. Kf4 Rh8 35. Kg5 Kd7 36. h5 gxh5 37. gxh5 Ke6 38. Rf1 Rg8+ 1/2-1/2

[Event "Kort Pske 1. forlb Gruppe 1"]
[Site "Svendborg"]
[Date "2018.03.25"]
[Round "3"]
[White "Couture, Jonathan"]
[Black "Velarde, Andrew"]
[Result "1-0"]
[WhiteElo "1928"]
[BlackElo "1757"]
[PlyCount "49"]
[EventDate "2018.03.24"]
[EventType "swiss"]
[EventRounds "5"]
[EventCountry "DEN"]

1. e4 d5 2. exd5 Nf6 3. Bb5+ Bd7 4. Bc4 b5 5. Bb3 a5 6. a3 Na6 7. d4 Bf5 8. Qe2
Qd7 9. c4 a4 10. Ba2 b4 11. Nd2 c6 12. dxc6 Qxc6 13. Ngf3 b3 14. Bb1 Bg6 15.
O-O Qd6 16. Re1 Rd8 17. c5 Qc6 18. Ne5 Qc8 19. Qb5+ Nd7 20. Ne4 f5 21. Nxg6
fxe4 22. Nxh8 Nc7 23. Qc6 Qb8 24. Bxe4 Qb5 25. Bg6+ 1-0

[Event "Kort Pske 1. forlb Gruppe 1"]
[Site "Svendborg"]
[Date "2018.03.25"]
[Round "3"]
[White "Poulsen, Peter Risgaard"]
[Black "Nielsen, Aage Sondergaard"]
[Result "1-0"]
[WhiteElo "1934"]
[BlackElo "1881"]
[PlyCount "77"]
[EventDate "2018.03.24"]
[EventType "swiss"]
[EventRounds "5"]
[EventCountry "DEN"]

1. d4 d5 2. Bf4 Bf5 3. e3 e6 4. c4 c6 5. Nc3 Nf6 6. Qb3 Qb6 7. c5 Qxb3 8. axb3
Nbd7 9. b4 Be7 10. Nf3 Nh5 11. Kd2 Nxf4 12. exf4 O-O 13. h3 b6 14. Bd3 bxc5 15.
bxc5 Bxd3 16. Kxd3 Rfb8 17. Kc2 Rb7 18. Ra6 Nb8 19. Ra4 Bd8 20. b4 a6 21. Re1
g6 22. Ne5 Raa7 23. g4 f6 24. Nd3 Kf7 25. h4 Re7 26. Rea1 Rad7 27. Nd1 h6 28.
Ne3 Ra7 29. g5 hxg5 30. fxg5 Re8 31. Ng4 Rh8 32. Nh6+ Kg7 33. f4 Rf8 34. Re1
Re8 35. Ng4 Rf7 36. Raa1 Rff8 37. Re2 fxg5 38. hxg5 Bc7 39. Nf6 1-0

[Event "Kort Pske 1. forlb Gruppe 1"]
[Site "Svendborg"]
[Date "2018.03.25"]
[Round "3"]
[White "Taskiran, Erol"]
[Black "Balslev, Uffe"]
[Result "0-1"]
[WhiteElo "1837"]
[BlackElo "1862"]
[PlyCount "78"]
[EventDate "2018.03.24"]
[EventType "swiss"]
[EventRounds "5"]
[EventCountry "DEN"]

1. d4 d5 2. c4 c6 3. Nc3 e6 4. Nf3 dxc4 5. a4 Bb4 6. e3 b5 7. Bd2 Bb7 8. axb5
Bxc3 9. Bxc3 cxb5 10. Be2 a5 11. O-O Nf6 12. Ne5 O-O 13. Bf3 Nd5 14. Be2 Nc6
15. Nf3 Qc7 16. Qc2 f5 17. e4 Ncb4 18. Bxb4 Nxb4 19. Qc3 Bxe4 20. Ng5 Bd5 21.
Rfe1 h6 22. Nf3 Be4 23. Rec1 Rfc8 24. Nd2 Nd5 25. Qh3 Nf4 26. Qe3 Nxg2 27. Qh3
Nf4 28. Qe3 Nxe2+ 29. Qxe2 Bd5 30. Ra3 Qf4 31. Rd1 Qxd4 32. Nf3 Qg4+ 33. Kf1 b4
34. Rxd5 bxa3 35. Qxe6+ Kh7 36. Ne5 axb2 37. Nxg4 b1=Q+ 38. Kg2 fxg4 39. Qxg4
Qg6 0-1

[Event "Kort Pske 1. forlb Gruppe 1"]
[Site "Svendborg"]
[Date "2018.03.25"]
[Round "3"]
[White "Hansen, Alex Mehr"]
[Black "Christensen, Soren Dalgaard"]
[Result "1/2-1/2"]
[WhiteElo "1912"]
[BlackElo "1893"]
[PlyCount "30"]
[EventDate "2018.03.24"]
[EventType "swiss"]
[EventRounds "5"]
[EventCountry "DEN"]

1. e4 d6 2. d4 Nf6 3. Nc3 Nbd7 4. Nf3 e5 5. dxe5 dxe5 6. Bc4 h6 7. a3 Be7 8. h3
c6 9. Be3 Qc7 10. O-O Nf8 11. Nh2 g5 12. Be2 Ng6 13. Ng4 Be6 14. Nxf6+ Bxf6 15.
Bg4 Qe7 1/2-1/2

[Event "Kort Pske 1. forlb Gruppe 1"]
[Site "Svendborg"]
[Date "2018.03.25"]
[Round "3"]
[White "Ehrenreich, Simon"]
[Black "Jensen Lynch, Jonathan"]
[Result "1-0"]
[WhiteElo "1758"]
[BlackElo "1668"]
[PlyCount "65"]
[EventDate "2018.03.24"]
[EventType "swiss"]
[EventRounds "5"]
[EventCountry "DEN"]

1. d4 g6 2. c4 Bg7 3. Nc3 d6 4. e4 Nc6 5. Nf3 e5 6. d5 Nd4 7. Be3 Bg4 8. Be2
Nxe2 9. Qxe2 Ne7 10. c5 f5 11. Qb5+ c6 12. Qxb7 Rb8 13. Qxa7 Rxb2 14. dxc6 f4
15. Bc1 Rc2 16. c7 Qd7 17. Qb8+ Nc8 18. Qb3 Rxc3 19. Qxc3 Qxc7 20. Ba3 Bxf3 21.
gxf3 d5 22. Qb4 d4 23. Qb5+ Qd7 24. Rb1 Qxb5 25. Rxb5 O-O 26. Kd2 Na7 27. Rb6
Rc8 28. Rhb1 Nc6 29. Ra6 Bf8 30. Rbb6 Nb8 31. Ra8 Nd7 32. Rxc8 Nxb6 33. cxb6
1-0

[Event "Kort Pske 1. forlb Gruppe 1"]
[Site "Svendborg"]
[Date "2018.03.25"]
[Round "3"]
[White "Jorgensen, Ole Eik"]
[Black "Hansen, Henrik Damgaard"]
[Result "1/2-1/2"]
[WhiteElo "1909"]
[BlackElo "1744"]
[PlyCount "81"]
[EventDate "2018.03.24"]
[EventType "swiss"]
[EventRounds "5"]
[EventCountry "DEN"]

1. e4 d5 2. exd5 Nf6 3. Nf3 Nxd5 4. d3 Nc6 5. Bd2 Bg4 6. Be2 e6 7. Nc3 Be7 8.
O-O O-O 9. a3 a6 10. Ne4 Nf6 11. h3 Bh5 12. Ng3 Bg6 13. Nh4 Nd4 14. Nxg6 Nxe2+
15. Qxe2 hxg6 16. Rfe1 c6 17. b4 Qd7 18. Ne4 Nxe4 19. Qxe4 Rfd8 20. Bc3 Bf6 21.
Bxf6 gxf6 22. Rad1 Qd6 23. Re3 f5 24. Qf3 Kg7 25. d4 Rd7 26. Red3 Rad8 27. Qe3
Qc7 28. f4 Rd5 29. Kf2 R5d7 30. g3 Rh8 31. h4 Qd8 32. Qe5+ Qf6 33. Kf3 Rhd8 34.
Ke3 Rd5 35. Qxf6+ Kxf6 36. R3d2 R5d7 37. c3 Rd5 38. a4 Ke7 39. a5 R5d7 40. Rh1
f6 41. Rhd1 1/2-1/2